Classifica Scarpa d'Oro 2020 - Statistics

Statistiche generali
  • Questo quiz è stato fatto 36 volte
  • Il punteggio medio è 11 su 15
Statistiche sulle risposte
Gol Coefficiente UEFA Punti Nazione Squadra Calciatore % Corretto
36 x2 72 Italia Lazio Ciro Immobile
100%
31 x2 62 Portogallo Juventus Cristiano Ronaldo
97%
29 (16)x1,5 / (13)x2 50 Norvegia Red Bull Salisburgo / Borussia Dortmund Erling Haaland
97%
23 x2 46 Inghilterra Leicester City Jamie Vardy
97%
25 x2 50 Argentina Barcellona Lionel Messi
97%
34 x2 68 Polonia Bayern Monaco Robert Lewandowski
97%
23 x2 46 Belgio Inter Romelu Lukaku
94%
21 x2 42 Francia Real Madrid Karim Benzema
91%
28 x2 56 Germania Red Bull Lipsia Timo Werner
88%
22 x2 44 Francia / Gabon Arsenal Pierre-Americk Aubameyang
85%
20 x2 40 Inghilterra Manchester City Raheem Sterling
70%
21 x2 42 Italia Sassuolo Francesco Caputo
55%
22 x2 44 Inghilterra Southampton Danny Ings
24%
32 x1,5 48 Camerun Young Boys Jean-Pierre Nsame
24%
30 x1,5 45 Israele Wolfsberger Shon Weissman
3%
Nessun quiz corrispondente trovato
Distribuzione punteggi
Percentuale di utenti per punteggio
Percentile per numero di risposta
I tuoi punteggi nel tempo
Non hai fatto questo quiz